[Event "SVK-chT1E 1112"]
[Site "Slovakia"]
[Date "2012.03.03"]
[Round "10.1"]
[White "Druska, Juraj"]
[Black "Hlas, Jan"]
[Result "1-0"]
[WhiteElo "2338"]
[BlackElo "2221"]
[PlyCount "59"]
[EventDate "2011.10.15"]
[EventType "team-tourn"]
[EventRounds "11"]
[EventCountry "SVK"]
[SourceTitle "EXT 2013"]
[Source "ChessBase"]
[SourceDate "2012.11.22"]
[SourceVersion "1"]
[SourceVersionDate "2012.11.22"]
[SourceQuality "1"]
[WhiteTeam "Liptov Chess School"]
[BlackTeam "Sklene Patriots CC"]
[WhiteTeamCountry "SVK"]
[BlackTeamCountry "SVK"]

1. d4 d6 2. e4 Nf6 3. Nc3 g6 4. Be3 Bg7 5. f3 c6 6. Qd2 b5 7. Bd3 Nbd7 8. a4 b4 9. Nce2 a5 10. c3 bxc3 11. bxc3 e5 12. Nh3 d5 13. 0-0 0-0 14. Rab1 Re8 15. Nf2 Qc7 16. Bh6 Bh8 17. exd5 cxd5 18. Bb5 Ba6 19. dxe5 Bxb5 20. Rxb5 Nxe5 21. Nf4 Nc4 22. Nxd5 Nxd2 23. Nxc7 Nxf1 24. Kxf1 Nd7 25. Nxa8 Rxa8 26. c4 Bd4 27. Rd5 Bxf2 28. Rxd7 Bb6 29. Ke2 f5 30. Bd2 1-0

[Event "SVK-chT1E 1112"]
[Site "Slovakia"]
[Date "2012.02.05"]
[Round "9.2"]
[White "Hlas, Jan"]
[Black "Meszaros, Gyula"]
[Result "1/2-1/2"]
[WhiteElo "2221"]
[BlackElo "2360"]
[PlyCount "105"]
[EventDate "2011.10.15"]
[EventType "team-tourn"]
[EventRounds "11"]
[EventCountry "SVK"]
[SourceTitle "EXT 2013"]
[Source "ChessBase"]
[SourceDate "2012.11.22"]
[SourceVersion "1"]
[SourceVersionDate "2012.11.22"]
[SourceQuality "1"]
[WhiteTeam "Sklene Patriots CC"]
[BlackTeam "Svit"]
[WhiteTeamCountry "SVK"]
[BlackTeamCountry "SVK"]

1. d4 d6 2. e4 Nf6 3. Nc3 Nbd7 4. Nf3 e5 5. Be2 c6 6. 0-0 Be7 7. h3 b5 8. a3 0-0 9. Re1 Bb7 10. Bf1 a5 11. Bg5 b4 12. Nb1 h6 13. Bh4 c5 14. d5 Nh7 15. Bxe7 Qxe7 16. c4 g6 17. Nbd2 f5 18. exf5 gxf5 19. Nh2 Qg7 20. Kh1 Kh8 21. Qc2 e4 22. f3 exf3 23. Nhxf3 Ne5 24. Nxe5 dxe5 25. axb4 cxb4 26. Nb3 f4 27. Nxa5 Rae8 28. Nxb7 Qxb7 29. Qf2 e4 30. Qd4+ Nf6 31. Ra7 Qc8 32. d6 Qf5 33. Re7 Rxe7 34. dxe7 Re8 35. Qd6 Kh7 36. c5 Rg8 37. Bc4 Rg7 38. e8Q Nxe8 39. Qd5 Qxd5 40. Bxd5 e3 41. Bf3 Rd7 42. g3 fxg3 43. Rxe3 Nc7 44. c6 Rg7 45. Kg2 Kg8 46. Re4 b3 47. Rb4 Kf7 48. Rxb3 Ke6 49. Rd3 Ke5 50. b4 Ne6 51. Rd5+ Kf6 52. Rd6 Ke5 53. Rd5+ 1/2-1/2

[Event "SVK-chT1E 1112"]
[Site "Slovakia"]
[Date "2012.01.08"]
[Round "7.1"]
[White "Zvarik, Martin"]
[Black "Hlas, Jan"]
[Result "1-0"]
[WhiteElo "2255"]
[BlackElo "2221"]
[PlyCount "43"]
[EventDate "2011.10.15"]
[EventType "team-tourn"]
[EventRounds "11"]
[EventCountry "SVK"]
[SourceTitle "EXT 2013"]
[Source "ChessBase"]
[SourceDate "2012.11.22"]
[SourceVersion "1"]
[SourceVersionDate "2012.11.22"]
[SourceQuality "1"]
[WhiteTeam "Zilina Mladost"]
[BlackTeam "Sklene Patriots CC"]
[WhiteTeamCountry "SVK"]
[BlackTeamCountry "SVK"]

1. d4 Nf6 2. Nc3 d5 3. Bg5 h6 4. Bh4 e6 5. f3 Bb4 6. e3 c5 7. a3 Bxc3+ 8. bxc3 Qa5 9. Qd2 Nc6 10. Ne2 Bd7 11. Nc1 cxd4 12. cxd4 Qxd2+ 13. Kxd2 Ne7 14. Bd3 Bc6 15. a4 Nd7 16. Nb3 Nf5 17. Bf2 Nd6 18. Na5 Nb6 19. Bg3 Kd7 20. Rhb1 Nf5 21. Nxc6 Nxg3 22. Ne5+ 1-0

[Event "CZE-chT2D 1011"]
[Site "Czech Republic"]
[Date "2010.12.05"]
[Round "4"]
[White "Hlas, Jan"]
[Black "Kosek, Jiri"]
[Result "0-1"]
[WhiteElo "2233"]
[BlackElo "2106"]
[PlyCount "70"]
[EventDate "2010.10.17"]
[EventType "team-tourn"]
[EventRounds "11"]
[EventCountry "CZE"]
[SourceTitle "EXT 2012"]
[Source "ChessBase"]
[SourceDate "2011.11.24"]
[SourceVersion "1"]
[SourceVersionDate "2011.11.24"]
[SourceQuality "1"]
[WhiteTeam "Trebic Caissa II"]
[BlackTeam "Vysoke Myto"]
[WhiteTeamCountry "CZE"]
[BlackTeamCountry "CZE"]

1. d4 d5 2. c4 e6 3. Nc3 c6 4. Nf3 Nf6 5. Bg5 Be7 6. e3 Nbd7 7. Rc1 0-0 8. Qc2 h6 9. Bh4 a6 10. c5 Re8 11. b4 Bf8 12. Be2 e5 13. dxe5 Nxe5 14. 0-0 Ng6 15. Bg3 Nh5 16. Rcd1 Nxg3 17. hxg3 Qf6 18. e4 a5 19. a3 axb4 20. axb4 dxe4 21. Nxe4 Qe6 22. Bd3 Qg4 23. Nd4 Ne5 24. f4 Nxd3 25. Qxd3 Bf5 26. Nxf5 Qxf5 27. Nf2 Qxd3 28. Nxd3 Ra3 29. Ne5 Rb3 30. Rd7 Rxb4 31. Nxf7 Bxc5+ 32. Kh2 Re7 33. Ne5 Rxd7 34. Nxd7 Bd4 35. f5 Kf7 0-1

[Event "SVK-ch op-A"]
[Site "Banska Stiavnica"]
[Date "2010.07.18"]
[Round "9"]
[White "Petran, Peter"]
[Black "Hlas, Jan"]
[Result "1-0"]
[WhiteElo "2339"]
[BlackElo "2224"]
[PlyCount "149"]
[EventDate "2010.07.10"]
[EventType "swiss"]
[EventRounds "9"]
[EventCountry "SVK"]
[SourceTitle "CBM 137 Extra"]
[Source "ChessBase"]
[SourceDate "2010.09.01"]
[SourceVersion "1"]
[SourceVersionDate "2010.09.01"]
[SourceQuality "1"]

1. g3 Nf6 2. Bg2 d6 3. d4 g6 4. e4 Bg7 5. Nc3 e5 6. Nge2 0-0 7. 0-0 Nc6 8. d5 Ne7 9. f4 exf4 10. gxf4 Nh5 11. f5 c5 12. Qe1 Bd7 13. Bf3 Nf6 14. fxg6 hxg6 15. Qg3 b5 16. Qxd6 b4 17. Nd1 Bb5 18. Qxd8 Raxd8 19. Nf2 Rfe8 20. Re1 Nh5 21. Nd3 f5 22. exf5 Nxf5 23. Bg5 Bxd3 24. cxd3 Bxb2 25. Bxh5 gxh5 26. Rab1 Be5 27. Bxd8 Rxd8 28. Ng3 Bd4+ 29. Kh1 Nxg3+ 30. hxg3 a5 31. Re7 Rxd5 32. Ra7 Re5 33. Rxa5 Kg7 34. Kg2 Kg6 35. Rf1 Re2+ 36. Kh3 Rd2 37. Rf3 Kg5 38. Ra8 Re2 39. Rg8+ Kh6 40. g4 Rxa2 41. gxh5 Ra6 42. Kg4 b3 43. Rb8 b2 44. Rf7 Be5 45. Rbb7 Ra4+ 46. Kf5 Rf4+ 47. Kxe5 Rxf7 48. Rxb2 Rd7 49. Rb6+ Kxh5 50. Rd6 Rc7 51. Rd5 Kg6 52. Kd6 Rc8 53. Kd7 Ra8 54. Rxc5 Kf6 55. d4 Ra7+ 56. Kd6 Ra8 57. Rc7 Ra6+ 58. Rc6 Ra7 59. d5 Kf5 60. Rc7 Ra6+ 61. Rc6 Ra7 62. Rb6 Ra5 63. Rb1 Ra6+ 64. Kc5 Ra2 65. Rf1+ Ke5 66. Re1+ Kf6 67. d6 Rc2+ 68. Kd5 Rd2+ 69. Kc6 Rc2+ 70. Kd7 Kf7 71. Rf1+ Kg8 72. Ke7 Re2+ 73. Kd8 Re3 74. d7 Re2 75. Rf5 1-0

[Event "SVK-ch op-A"]
[Site "Banska Stiavnica"]
[Date "2010.07.17"]
[Round "8"]
[White "Hlas, Jan"]
[Black "Kriebel, Tadeas"]
[Result "1/2-1/2"]
[WhiteElo "2224"]
[BlackElo "2320"]
[PlyCount "216"]
[EventDate "2010.07.10"]
[EventType "swiss"]
[EventRounds "9"]
[EventCountry "SVK"]
[SourceTitle "CBM 137 Extra"]
[Source "ChessBase"]
[SourceDate "2010.09.01"]
[SourceVersion "1"]
[SourceVersionDate "2010.09.01"]
[SourceQuality "1"]

1. d4 Nf6 2. c4 g6 3. Nc3 Bg7 4. e4 0-0 5. Nf3 d6 6. Be2 e5 7. d5 a5 8. Bg5 h6 9. Bh4 Na6 10. Nd2 Qe8 11. a3 Bd7 12. b3 Nh7 13. f3 h5 14. Rb1 Bh6 15. Bf2 Nc5 16. b4 axb4 17. axb4 Na4 18. Qc2 Nxc3 19. Qxc3 Qe7 20. Be3 Bxe3 21. Qxe3 Ra2 22. 0-0 Qg5 23. f4 exf4 24. Rxf4 Qe5 25. Rf2 Nf6 26. Rbf1 Rxd2 27. Rxf6 Qd4 28. Qxd4 Rxd4 29. c5 dxc5 30. bxc5 Kg7 31. d6 Rxe4 32. Bd3 Re6 33. Rxe6 Bxe6 34. dxc7 Rc8 35. Be4 Rxc7 36. Rb1 Bc8 37. Rb5 Re7 38. Bf3 Kf8 39. h4 Ke8 40. c6 bxc6 41. Bxc6+ Kd8 42. Bf3 Rc7 43. Rb4 Ke7 44. Kf2 Kf6 45. Kg3 Be6 46. Ra4 Rc5 47. Rb4 Ke5 48. Rf4 Bf5 49. Rb4 Bc2 50. Rb6 Bd3 51. Rb8 Bc4 52. Rb6 Be6 53. Rb4 f6 54. Re4+ Kd6 55. Rd4+ Ke7 56. Rb4 Kd6 57. Rd4+ Bd5 58. Bxd5 Rxd5 59. Re4 Rd3+ 60. Kf2 Kd5 61. Re8 Rd4 62. g3 Kd6 63. Rg8 Rg4 64. Re8 Kd7 65. Re1 Ra4 66. Kf3 Kd6 67. Re8 Kd7 68. Rb8 Ra5 69. Rb6 Ke7 70. Rc6 Ra3+ 71. Kf4 Ra4+ 72. Kf3 Rd4 73. Ra6 Rd6 74. Ra8 Rb6 75. Kf4 Rc6 76. Rb8 Rc4+ 77. Kf3 Ke6 78. Rb6+ Ke5 79. Rb5+ Kd4 80. Kf4 Rc5 81. Rb4+ Kd5 82. Kf3 Rc3+ 83. Kf2 Ke5 84. Rb5+ Ke4 85. Rb4+ Kf5 86. Rf4+ Ke5 87. Ra4 Rd3 88. Kg2 Rd4 89. Ra5+ Ke4 90. Ra6 Kf5 91. Kh3 Re4 92. Ra5+ Re5 93. Ra8 Re6 94. Ra5+ Re5 95. Ra4 Rd5 96. Rf4+ Ke5 97. Ra4 Rd2 98. Ra5+ Ke4 99. Ra4+ Ke3 100. Ra1 Kf2 101. Ra5 Re2 102. Kh2 Kf3+ 103. Kh3 Re4 104. Ra3+ Re3 105. Ra6 f5 106. Rxg6 Re1 107. Kh2 Re2+ 108. Kh3 Re1 1/2-1/2

[Event "SVK-ch op-A"]
[Site "Banska Stiavnica"]
[Date "2010.07.13"]
[Round "4"]
[White "Hlas, Jan"]
[Black "Repka, Christopher"]
[Result "1-0"]
[WhiteElo "2224"]
[BlackElo "2003"]
[PlyCount "83"]
[EventDate "2010.07.10"]
[EventType "swiss"]
[EventRounds "9"]
[EventCountry "SVK"]
[SourceTitle "CBM 137 Extra"]
[Source "ChessBase"]
[SourceDate "2010.09.01"]
[SourceVersion "1"]
[SourceVersionDate "2010.09.01"]
[SourceQuality "1"]

1. d4 d5 2. c4 Nc6 3. Nc3 dxc4 4. d5 Ne5 5. f4 Ng4 6. h3 N4f6 7. e4 e6 8. Nf3 exd5 9. e5 Ne4 10. Nxe4 dxe4 11. Qxd8+ Kxd8 12. Ng5 Nh6 13. Bxc4 Bb4+ 14. Bd2 Bxd2+ 15. Kxd2 Ke7 16. Nxe4 Rd8+ 17. Kc3 Be6 18. Bxe6 fxe6 19. g4 Nf7 20. h4 Rf8 21. Raf1 Rad8 22. h5 Rd5 23. g5 Rfd8 24. h6 Rd3+ 25. Kc2 Re3 26. Re1 Rxe1 27. Rxe1 gxh6 28. gxh6 Nxh6 29. Rh1 Nf7 30. Kc3 Rg8 31. Kd4 h6 32. Rh2 Rg6 33. Rc2 c6 34. Rh2 Rg1 35. Rf2 Rg4 36. Nf6 Rg3 37. Rd2 Nd6 38. Kc5 Nb5 39. Rd7+ Kf8 40. a4 Rb3 41. axb5 Rxb5+ 42. Kd6 1-0

[Event "SVK-chT 0910"]
[Site "Slovakia"]
[Date "2010.02.21"]
[Round "8"]
[White "Hlas, Jan"]
[Black "Malinovsky, Karel"]
[Result "1/2-1/2"]
[WhiteElo "2255"]
[BlackElo "2356"]
[PlyCount "120"]
[EventDate "2009.10.24"]
[EventType "team-tourn"]
[EventRounds "11"]
[EventCountry "SVK"]
[SourceTitle "EXT 2019"]
[Source "ChessBase"]
[SourceDate "2018.10.10"]
[SourceVersion "1"]
[SourceVersionDate "2018.10.10"]
[SourceQuality "1"]
[WhiteTeam "Zilina Mladost"]
[BlackTeam "Hlohovec"]
[WhiteTeamCountry "SVK"]
[BlackTeamCountry "SVK"]

1. d4 Nf6 2. c4 e6 3. Nc3 Bb4 4. e3 b6 5. Bd3 Bb7 6. Nge2 Bxg2 7. Rg1 Bb7 8. a3 Bf8 9. e4 d6 10. Bg5 h6 11. Be3 e5 12. d5 Nbd7 13. Ng3 g6 14. f3 h5 15. Qd2 h4 16. Nh1 Nh5 17. Nf2 Nf4 18. Ne2 Nxe2 19. Kxe2 Nf6 20. Bc2 Bc8 21. b4 Nh5 22. Nd3 Qd7 23. Nf2 Bg7 24. Kd1 Nf4 25. Kc1 Nh3 26. Rg4 Nxf2 27. Qxf2 Qe7 28. Rg5 Bh6 29. Ba4+ Bd7 30. Bxd7+ Qxd7 31. Rg4 Bxe3+ 32. Qxe3 a5 33. b5 0-0-0 34. Kb2 Rdg8 35. Rag1 Qe7 36. h3 Rh5 37. Qf2 Qf6 38. Qe3 Kb7 39. Kb3 Qh8 40. Kc2 Kc8 41. Kd3 Rf8 42. Ke2 Qf6 43. R1g2 Rg8 44. Rg1 Kb7 45. Rg5 Rxg5 46. Rxg5 Qe7 47. Qg1 Qd7 48. Qg2 f6 49. Rg4 g5 50. Qg1 Rf8 51. Qg2 Qh7 52. Ke3 Rg8 53. Qc2 Qd7 54. Kf2 Rf8 55. Kg2 Qe7 56. Qd2 Qf7 57. Qe2 Qg6 58. Qd2 Qh7 59. Qe3 Rg8 60. Qd3 Rf8 1/2-1/2

[Event "SVK-chT1E 0910"]
[Site "Slovakia"]
[Date "2010.02.13"]
[Round "8.3"]
[White "Hlas, Jan"]
[Black "Meszaros, Gyula"]
[Result "0-1"]
[WhiteElo "2255"]
[BlackElo "2402"]
[PlyCount "66"]
[EventDate "2009.10.17"]
[EventType "team"]
[EventRounds "11"]
[EventCountry "SVK"]
[SourceTitle "EXT 2011"]
[Source "ChessBase"]
[SourceDate "2010.11.26"]
[SourceVersion "1"]
[SourceVersionDate "2010.11.26"]
[SourceQuality "1"]
[WhiteTeam "Zilina Mladost juniors"]
[BlackTeam "Svit"]
[WhiteTeamCountry "SVK"]
[BlackTeamCountry "SVK"]

1. d4 Nf6 2. c4 Nc6 3. Nf3 e6 4. a3 d6 5. Nc3 g6 6. e4 Bg7 7. Be2 0-0 8. 0-0 Re8 9. Bg5 h6 10. Bh4 g5 11. Bg3 Nh5 12. d5 Ne7 13. Nd4 Nf4 14. Bxf4 gxf4 15. dxe6 fxe6 16. Rc1 a6 17. Nf3 Ng6 18. b4 Kh8 19. Na4 Bd7 20. Qb3 Bc6 21. Nc3 Rg8 22. b5 axb5 23. cxb5 Bd7 24. a4 Nh4 25. Nxh4 Qxh4 26. Bf3 Bd4 27. Ne2 Bb6 28. a5 Bxa5 29. g3 Bb6 30. Bg2 fxg3 31. hxg3 Qg5 32. Qd3 Bxb5 33. Qc2 Bxe2 0-1

[Event "SVK-chT 0910"]
[Site "Slovakia"]
[Date "2010.01.23"]
[Round "5"]
[White "Hlas, Jan"]
[Black "Hagara, Eduard"]
[Result "1/2-1/2"]
[WhiteElo "2255"]
[BlackElo "2383"]
[PlyCount "152"]
[EventDate "2009.10.24"]
[EventType "team-tourn"]
[EventRounds "11"]
[EventCountry "SVK"]
[SourceTitle "EXT 2019"]
[Source "ChessBase"]
[SourceDate "2018.10.10"]
[SourceVersion "1"]
[SourceVersionDate "2018.10.10"]
[SourceQuality "1"]
[WhiteTeam "Zilina Mladost"]
[BlackTeam "Kezmarok"]
[WhiteTeamCountry "SVK"]
[BlackTeamCountry "SVK"]

1. d4 d6 2. Nf3 Bg4 3. Bf4 Nd7 4. Nbd2 Ngf6 5. h3 Bh5 6. g4 Bg6 7. Bg2 e6 8. 0-0 Be7 9. c4 0-0 10. Qb3 Rb8 11. Qc3 c5 12. dxc5 Nxc5 13. b4 e5 14. Be3 Nce4 15. Qb3 a5 16. a3 Nd7 17. Nxe4 Bxe4 18. Rad1 Qc7 19. Nd2 Bxg2 20. Kxg2 axb4 21. axb4 b5 22. f3 Qb7 23. Ne4 bxc4 24. Qxc4 Rfc8 25. Qd3 Qxb4 26. Rb1 Qa5 27. Ra1 Qd8 28. Nxd6 Nc5 29. Bxc5 Rxc5 30. Ne4 Qxd3 31. exd3 Rd5 32. Rfd1 h6 33. Kg3 Bg5 34. Nxg5 hxg5 35. Ra2 Rb4 36. Re2 Kh7 37. h4 gxh4+ 38. Kxh4 Kg6 39. Kg3 f6 40. Rc2 Kg5 41. Kf2 Kf4 42. Ke2 Rdd4 43. Rh1 Rb3 44. Rd2 g6 45. Rg1 Rb7 46. Rh1 Rbd7 47. Rh3 R4d6 48. Rh1 Rb6 49. Rh6 Kg5 50. Rh1 Kf4 51. Rh6 Kg5 52. Rh1 Rdb7 53. Ke3 Rb3 54. Ra2 Rd7 55. Rd2 Rd4 56. Rc1 Rb7 57. Rh1 Ra7 58. Rb2 Rd8 59. Rc2 Rb8 60. Re2 Rd8 61. Rc2 Ra3 62. Rd2 Rb3 63. Ke4 Rb4+ 64. Ke3 Rb3 65. Ke4 f5+ 66. gxf5 gxf5+ 67. Ke3 Kf6 68. Rh6+ Kg7 69. Rh1 Kf7 70. Rh7+ Ke6 71. Rh6+ Kd5 72. f4 Rb4 73. fxe5 Kxe5 74. Re2 Rbd4 75. Kf3+ Kd5 76. Rf6 Rxd3+ 1/2-1/2

[Event "SVK-chT1E 0910"]
[Site "Slovakia"]
[Date "2009.12.13"]
[Round "5.3"]
[White "Hlas, Jan"]
[Black "Buchnicek, Petr"]
[Result "1-0"]
[WhiteElo "2255"]
[BlackElo "2337"]
[PlyCount "137"]
[EventDate "2009.10.17"]
[EventType "team"]
[EventRounds "11"]
[EventCountry "SVK"]
[SourceTitle "EXT 2011"]
[Source "ChessBase"]
[SourceDate "2010.11.26"]
[SourceVersion "1"]
[SourceVersionDate "2010.11.26"]
[SourceQuality "1"]
[WhiteTeam "Zilina Mladost juniors"]
[BlackTeam "Rajecke Teplice"]
[WhiteTeamCountry "SVK"]
[BlackTeamCountry "SVK"]

1. d4 f5 2. c4 Nf6 3. Nc3 e6 4. Nf3 d5 5. Bf4 c6 6. e3 Be7 7. Bd3 0-0 8. Qc2 Ne4 9. h3 b6 10. cxd5 exd5 11. Rd1 Nd7 12. 0-0 Ndf6 13. Ne5 Qe8 14. f3 Nd6 15. Ne2 c5 16. dxc5 bxc5 17. Qxc5 g5 18. Bh2 Nf7 19. Qd4 Bd8 20. Nxf7 Qxf7 21. Qc3 Bb6 22. Bb5 f4 23. Nd4 Nh5 24. Kh1 Bb7 25. Qd3 Qf6 26. Rfe1 Rac8 27. exf4 gxf4 28. b3 Bxd4 29. Qxd4 Qxd4 30. Rxd4 Rc2 31. Ra4 Rfc8 32. Bxf4 a6 33. Bd7 Rd8 34. Be6+ Kg7 35. Be5+ Kf8 36. Bg4 Bc6 37. Rd4 Ng7 38. a4 Kf7 39. f4 Kg6 40. Bxg7 Kxg7 41. Re7+ Kg6 42. Re3 Kf6 43. Kh2 a5 44. Bf3 Rc5 45. g4 Rb8 46. Kg3 Rb4 47. g5+ Kf7 48. Rxb4 axb4 49. Rd3 Rc3 50. Be2 Bb7 51. Kf3 Ke6 52. Ke3 Rc2 53. Bf3 Kd6 54. h4 Kc5 55. f5 d4+ 56. Kf4 Rc3 57. Be4 Bd5 58. Bxd5 Rxd3 59. Bc4 Rh3 60. Kg4 Rh1 61. h5 Kd6 62. f6 Rg1+ 63. Kf4 Rh1 64. Kg4 Rg1+ 65. Kf4 Rh1 66. g6 d3 67. Bxd3 Ke6 68. g7 Rh4+ 69. Kg3 1-0

[Event "SVK-chT1E 0910"]
[Site "Slovakia"]
[Date "2009.11.14"]
[Round "3.6"]
[White "Mazur, Stefan"]
[Black "Hlas, Jan"]
[Result "1-0"]
[WhiteElo "2367"]
[BlackElo "2255"]
[PlyCount "55"]
[EventDate "2009.10.17"]
[EventType "team"]
[EventRounds "11"]
[EventCountry "SVK"]
[SourceTitle "EXT 2011"]
[Source "ChessBase"]
[SourceDate "2010.11.26"]
[SourceVersion "1"]
[SourceVersionDate "2010.11.26"]
[SourceQuality "1"]
[WhiteTeam "Michalovce Zemplin"]
[BlackTeam "Zilina Mladost juniors"]
[WhiteTeamCountry "SVK"]
[BlackTeamCountry "SVK"]

1. e4 e6 2. d4 d5 3. Nc3 Nf6 4. Bg5 Bb4 5. e5 h6 6. Be3 Ne4 7. Qg4 Kf8 8. a3 Bxc3+ 9. bxc3 Nxc3 10. Bd3 Na4 11. h4 Nb2 12. h5 Nxd3+ 13. cxd3 Nc6 14. Rh3 Ne7 15. Qh4 Bd7 16. g4 b5 17. Bd2 a5 18. Ne2 c5 19. dxc5 d4 20. g5 Nf5 21. Qe4 hxg5 22. Bxg5 Qc8 23. Nxd4 Nxd4 24. Qxd4 Ra6 25. h6 gxh6 26. Bf6 Rg8 27. Rxh6 Ke8 28. Kd2 1-0

[Event "SVK-chT1E 0910"]
[Site "Slovakia"]
[Date "2009.10.18"]
[Round "2.1"]
[White "Hlas, Jan"]
[Black "Hausner, Ivan"]
[Result "0-1"]
[WhiteElo "2255"]
[BlackElo "2460"]
[PlyCount "114"]
[EventDate "2009.10.17"]
[EventType "team"]
[EventRounds "11"]
[EventCountry "SVK"]
[SourceTitle "EXT 2011"]
[Source "ChessBase"]
[SourceDate "2010.11.26"]
[SourceVersion "1"]
[SourceVersionDate "2010.11.26"]
[SourceQuality "1"]
[WhiteTeam "Zilina Mladost juniors"]
[BlackTeam "Liptov"]
[WhiteTeamCountry "SVK"]
[BlackTeamCountry "SVK"]

1. d4 d6 2. Nf3 Bg4 3. Bf4 Nd7 4. Nbd2 c5 5. d5 Ngf6 6. e4 a6 7. a4 e5 8. Be3 Be7 9. h3 Bh5 10. c3 Bg6 11. Bd3 Nxd5 12. 0-0 Nxe3 13. fxe3 d5 14. Qe2 dxe4 15. Bxe4 Qc7 16. Bxg6 hxg6 17. e4 0-0 18. a5 Qc6 19. Nc4 Qb5 20. Rfe1 Bf6 21. Rad1 Rad8 22. Rd6 Be7 23. Rd5 Nf6 24. Rxd8 Bxd8 25. Nd6 Qc6 26. Rd1 Bxa5 27. Nxe5 Qc7 28. Nf3 b5 29. e5 Qe7 30. c4 Ne8 31. cxb5 Nxd6 32. Rxd6 axb5 33. Qxb5 Bb4 34. Qc6 Qa7 35. Rd7 Qa2 36. e6 Qxe6 37. Qxe6 fxe6 38. Kf2 Ba5 39. Ra7 Bd8 40. Ke3 Bf6 41. Rb7 Rd8 42. h4 Rd5 43. g4 g5 44. hxg5 Bxg5+ 45. Nxg5 Rxg5 46. Kf4 Rd5 47. Re7 Rd6 48. g5 Kh7 49. Rc7 Rd4+ 50. Ke5 Rd2 51. Kxe6 Kg6 52. Ke5 Rxb2 53. Kf4 Rb4+ 54. Kf3 Rc4 55. Kg3 Rc1 56. Kh2 c4 57. Kg2 c3 0-1

[Event "SVK-chT1E 0910"]
[Site "Slovakia"]
[Date "2009.10.17"]
[Round "1.2"]
[White "Jacko, Vladimir"]
[Black "Hlas, Jan"]
[Result "0-1"]
[WhiteElo "2064"]
[BlackElo "2255"]
[PlyCount "76"]
[EventDate "2009.10.17"]
[EventType "team"]
[EventRounds "11"]
[EventCountry "SVK"]
[SourceTitle "EXT 2011"]
[Source "ChessBase"]
[SourceDate "2010.11.26"]
[SourceVersion "1"]
[SourceVersionDate "2010.11.26"]
[SourceQuality "1"]
[WhiteTeam "Liptov Chess School"]
[BlackTeam "Zilina Mladost juniors"]
[WhiteTeamCountry "SVK"]
[BlackTeamCountry "SVK"]

1. d4 Nf6 2. Nc3 d5 3. Bg5 h6 4. Bh4 e6 5. Qd3 Bb4 6. f3 c5 7. dxc5 Qa5 8. e4 Bxc3+ 9. bxc3 Nbd7 10. Bxf6 Nxf6 11. Qb5+ Qxb5 12. Bxb5+ Bd7 13. Rb1 dxe4 14. fxe4 Bxb5 15. Rxb5 Nxe4 16. Rxb7 Nxc5 17. Rc7 Ne4 18. Ne2 0-0 19. Rf1 Nf6 20. Rf3 Rfc8 21. Rxc8+ Rxc8 22. Rd3 Nd5 23. Kd2 Kf8 24. g3 Ke7 25. Rd4 Nb6 26. Kd3 Rc5 27. Nc1 Ra5 28. c4 e5 29. Re4 f5 30. Re2 Kf6 31. Nb3 Rxa2 32. c5 e4+ 33. Kc3 Nd5+ 34. Kc4 Ke5 35. c6 Nc7 36. Kc5 Ra6 37. Rd2 Ne6+ 38. Kb5 Rb6+ 0-1

[Event "SVK-chT1E 0809"]
[Site "Slovakia"]
[Date "2009.03.08"]
[Round "11.4"]
[White "Hlas, Jan"]
[Black "Koval, Maros"]
[Result "1/2-1/2"]
[WhiteElo "2175"]
[BlackElo "2067"]
[PlyCount "58"]
[EventDate "2008.10.18"]
[EventType "team-tourn"]
[EventRounds "11"]
[EventCountry "SVK"]
[SourceTitle "EXT 2010"]
[Source "ChessBase"]
[SourceDate "2010.11.25"]
[SourceVersion "1"]
[SourceVersionDate "2010.11.25"]
[SourceQuality "1"]
[WhiteTeam "Zilina Mladost"]
[BlackTeam "Margecany OSK"]
[WhiteTeamCountry "SVK"]
[BlackTeamCountry "SVK"]

1. d4 d5 2. c4 c6 3. Nf3 Nf6 4. e3 g6 5. Nc3 Bg7 6. h3 0-0 7. Bd3 Nbd7 8. 0-0 Re8 9. Ne5 Nxe5 10. dxe5 Ne4 11. f4 Nxc3 12. bxc3 f6 13. cxd5 cxd5 14. Bb5 Rf8 15. exf6 Bxf6 16. Bb2 a6 17. Ba4 e6 18. Bb3 Qb6 19. Qd2 Bd7 20. Rab1 Rfd8 21. c4 Bxb2 22. Rxb2 dxc4 23. Bxc4 Qc5 24. Rxb7 Qxc4 25. Rxd7 Rxd7 26. Qxd7 Qxa2 27. Rd1 Rf8 28. Rd6 e5 29. Rd2 Qb3 1/2-1/2

[Event "SVK-chT1E 0809"]
[Site "Slovakia"]
[Date "2009.02.08"]
[Round "9.6"]
[White "Jendrichovsky, Peter"]
[Black "Hlas, Jan"]
[Result "1/2-1/2"]
[WhiteElo "2097"]
[BlackElo "2175"]
[PlyCount "31"]
[EventDate "2008.10.18"]
[EventType "team-tourn"]
[EventRounds "11"]
[EventCountry "SVK"]
[SourceTitle "EXT 2010"]
[Source "ChessBase"]
[SourceDate "2010.11.25"]
[SourceVersion "1"]
[SourceVersionDate "2010.11.25"]
[SourceQuality "1"]
[WhiteTeam "Sabinov"]
[BlackTeam "Zilina Mladost"]
[WhiteTeamCountry "SVK"]
[BlackTeamCountry "SVK"]

1. c4 Nf6 2. Nc3 g6 3. g3 Bg7 4. Bg2 0-0 5. Nf3 d6 6. 0-0 e5 7. d3 h6 8. Rb1 Be6 9. Bd2 Qc8 10. Re1 Bh3 11. Bh1 Nh5 12. Qb3 Nd7 13. Nd5 Kh7 14. Qa3 f5 15. b4 f4 16. Nh4 1/2-1/2

[Event "SVK-chT1E 0809"]
[Site "Slovakia"]
[Date "2009.02.07"]
[Round "8.5"]
[White "Hlas, Jan"]
[Black "Koval, Anton"]
[Result "1-0"]
[WhiteElo "2175"]
[BlackElo "2178"]
[PlyCount "69"]
[EventDate "2008.10.18"]
[EventType "team-tourn"]
[EventRounds "11"]
[EventCountry "SVK"]
[SourceTitle "EXT 2010"]
[Source "ChessBase"]
[SourceDate "2010.11.25"]
[SourceVersion "1"]
[SourceVersionDate "2010.11.25"]
[SourceQuality "1"]
[WhiteTeam "Zilina Mladost"]
[BlackTeam "Bardejov BSK"]
[WhiteTeamCountry "SVK"]
[BlackTeamCountry "SVK"]

1. d4 Nf6 2. c4 e6 3. Nc3 Bb4 4. e3 b6 5. Bd3 Bb7 6. Nge2 0-0 7. a3 Be7 8. e4 d5 9. cxd5 exd5 10. e5 Ne4 11. Qc2 f5 12. f3 Nxc3 13. bxc3 Qd7 14. 0-0 c5 15. g4 g6 16. Bh6 c4 17. Bxf5 gxf5 18. Bxf8 Bxf8 19. gxf5 Nc6 20. Kh1 Bh6 21. Rg1+ Kh8 22. Rg4 Rf8 23. Rag1 Ne7 24. Ng3 Bc8 25. Rh4 Ng8 26. Qg2 Be3 27. Re1 Bg5 28. Rg4 Qd8 29. Nh5 Rxf5 30. Rg1 h6 31. f4 Qe8 32. fxg5 Rf8 33. Rh4 Rf7 34. Nf6 Bf5 35. h3 1-0